Catch Me If You Can : (Record no. 15073)
[ view plain ]
| 000 -LEADER | |
|---|---|
| fixed length control field | 01051nam a22002297a 4500 |
| 008 - FIXED-LENGTH DATA ELEMENTS--GENERAL INFORMATION | |
| fixed length control field | 110405r19802000nyu|||||r|||| 000 0aeng d |
| 020 ## - INTERNATIONAL STANDARD BOOK NUMBER | |
| International Standard Book Number | 0767905385 |
| 020 ## - INTERNATIONAL STANDARD BOOK NUMBER | |
| International Standard Book Number | 9780767905381 |
| 082 ## - DEWEY DECIMAL CLASSIFICATION NUMBER | |
| Classification number | 364.163092 |
| Item number | ABA |
| 100 ## - MAIN ENTRY--PERSONAL NAME | |
| 9 (RLIN) | 22902 |
| Personal name | Abagnale, Frank W. |
| Dates associated with a name | 1948- |
| 245 ## - TITLE STATEMENT | |
| Title | Catch Me If You Can : |
| Remainder of title | The Amazing True Story of the Youngest and Most Daring Con Man in the History of Fun and Profit! / |
| Statement of responsibility, etc | Frank W. Abagnale; with Stan Redding |
| 260 ## - PUBLICATION, DISTRIBUTION, ETC. (IMPRINT) | |
| Place of publication, distribution, etc | New York : |
| Name of publisher, distributor, etc | Broadway Books, 2000. |
| Date of publication, distribution, etc | 2000 |
| 300 ## - PHYSICAL DESCRIPTION | |
| Extent | 293 p. ; |
| Dimensions | 22 cm. |
| 500 ## - GENERAL NOTE | |
| General note | Originally published: New York : Grosset & Dunlap, c1980. |
| 500 ## - GENERAL NOTE | |
| General note | Based on the true-life of Frank Abagnale |
| 586 ## - AWARDS NOTE | |
| Awards note | National Bestseller |
| 650 ## - SUBJECT ADDED ENTRY--TOPICAL TERM | |
| 9 (RLIN) | 22903 |
| Topical term or geographic name as entry element | Impostors and imposture |
| Form subdivision | Biography |
| Geographic subdivision | United States |
| 653 ## - INDEX TERM--UNCONTROLLED | |
| Resource For college | |
| Arrived date list | April2011 |
| BestSellers | Best Sellers |
| 700 ## - ADDED ENTRY--PERSONAL NAME | |
| 9 (RLIN) | 22904 |
| Personal name | Redding, Stan |
| 942 ## - ADDED ENTRY ELEMENTS (KOHA) | |
| Source of classification or shelving scheme | Dewey Decimal Classification |
| Item type | Book - Borrowing |
| Withdrawn status | Item status | Source of classification or shelving scheme | Damaged status | Not for loan | Vendor | Home library | Current library | Shelving location | Date acquired | Source of acquisition | Cost, normal purchase price | Total Checkouts | Total Renewals | Full call number | Barcode | Date last seen | Date last borrowed | Cost, replacement price | Koha item type |
|---|---|---|---|---|---|---|---|---|---|---|---|---|---|---|---|---|---|---|---|
| Dewey Decimal Classification | AUC | Central Library | Central Library | First floor | 05/04/2011 | 23.00 | 4 | 6 | 364.163 ABA | 000023131 | 15/07/2025 | 07/02/2018 | 102.00 | Book - Borrowing |